00519nam a2200121Ia 4500008004100000082002100041100001400062245009700076260002400173365000600197630009700203730009700300100415s9999 xx 000 0 und d b9920a595.77(54) aMisra KS aThe Fauna of India and the Adjacent Countries Pisces Vol. 1 (Elasmobranchii and Holocephali) aCALCUTTAc1969bZSI b0 aThe Fauna of India and the Adjacent Countries Pisces Vol. 1 (Elasmobranchii and Holocephali) aThe Fauna of India and the Adjacent Countries Pisces Vol. 1 (Elasmobranchii and Holocephali)